2025 MLB Postseason Teams - Statistics

General Stats
  • This quiz has been taken 152 times
  • The average score is 10 of 12
Answer Stats
League Seed Team % Correct
NL 3 Los Angeles Dodgers
95%
AL 4 New York Yankees
95%
AL 1 Toronto Blue Jays
92%
NL 6 Cincinnati Reds
89%
NL 1 Milwaukee Brewers
89%
AL 2 Seattle Mariners
89%
AL 6 Detroit Tigers
87%
AL 5 Boston Red Sox
85%
NL 2 Philadelphia Phillies
84%
NL 4 Chicago Cubs
79%
AL 3 Cleveland Guardians
77%
NL 5 San Diego Padres
77%
No matching quizzes found
Score Distribution
Percent of People with Each Score
Percentile by Number Answered
Your Score History
You have not taken this quiz